header

Fascism in Britain (Record no. 175914)

MARC details
000 -LEADER
fixed length control field 01188nam a2200301 a 4500
100 1# - MAIN ENTRY--AUTHOR NAME
Personal name Thurlow, Richard C.
245 10 - TITLE STATEMENT
Title Fascism in Britain
260 ## - PUBLICATION, DISTRIBUTION, ETC. (IMPRINT)
Place of publication London :
Name of publisher I.B.Tauris,
Year of publication 1998.
300 ## - PHYSICAL DESCRIPTION
Number of Pages xix, 298 p., [16] p. of plates :
Other physical details ill.
650 #0 - SUBJECT ADDED ENTRY--TOPICAL TERM
Topical Term Fascism
856 40 - ELECTRONIC LOCATION AND ACCESS
Uniform Resource Identifier http://site.ebrary.com/lib/rucke/Doc?id=10310801

No items available.

© 2026 Rongo University
Contact us: librarian | system librarian | Rongo university